UM Logo

Nursing board 101: (Record no. 2588)

MARC details
000 -LEADER
fixed length control field 00675nam a22002177a 4500
003 - CONTROL NUMBER IDENTIFIER
control field OSt
005 - DATE AND TIME OF LATEST TRANSACTION
control field 20160518183958.0
008 - FIXED-LENGTH DATA ELEMENTS--GENERAL INFORMATION
fixed length control field 160518b xxu||||| |||| 00| 0 eng d
020 ## - INTERNATIONAL STANDARD BOOK NUMBER
International Standard Book Number 971-513-189-1
040 ## - CATALOGING SOURCE
Transcribing agency LIC
082 ## - DEWEY DECIMAL CLASSIFICATION NUMBER
Edition number 2005
Classification number DFil 610.7307
Item number Un8n
100 ## - MAIN ENTRY--PERSONAL NAME
9 (RLIN) 8542
Personal name Untalan, Aaron T.
245 ## - TITLE STATEMENT
Title Nursing board 101:
Remainder of title FAQ's of the nursing licensure examination/
Statement of responsibility, etc. Aaron T. Untalan.
250 ## - EDITION STATEMENT
Edition statement First Edition.
260 ## - PUBLICATION, DISTRIBUTION, ETC. (IMPRINT)
Place of publication, distribution, etc. Manila:
Name of publisher, distributor, etc. Educational Publishing House,
Date of publication, distribution, etc. c2005.
300 ## - PHYSICAL DESCRIPTION
Extent xi, 349 pages;
Dimensions 23 cm.
500 ## - GENERAL NOTE
General note Includes references.
650 #0 - SUBJECT ADDED ENTRY--TOPICAL TERM
9 (RLIN) 8544
Topical term or geographic name as entry element Nursing board
650 #0 - SUBJECT ADDED ENTRY--TOPICAL TERM
9 (RLIN) 8545
Topical term or geographic name as entry element Nursing
General subdivision Examination, exercises, etc.
942 ## - ADDED ENTRY ELEMENTS (KOHA)
Source of classification or shelving scheme Dewey Decimal Classification
Koha item type Filipiniana
Holdings
Withdrawn status Lost status Source of classification or shelving scheme Damaged status Not for loan Collection code Home library Current library Date acquired Source of acquisition Total Checkouts Full call number Barcode Date last seen Copy number Price effective from Koha item type
    Dewey Decimal Classification     Filipiniana UM Digos College - LIC UM Digos College - LIC 04/21/2006 Purchased   DFil 610.7307 Un8n 2005 18470 06/08/2021 1 05/18/2016 Filipiniana
    Dewey Decimal Classification     Filipiniana UM Digos College - LIC UM Digos College - LIC 04/21/2006 Purchased   DFil 610.7307 Un8n 2005 18471 05/18/2016 2 05/18/2016 Filipiniana